| 000 | 00874nam a2200277 a 4500 | ||
|---|---|---|---|
| 001 | 22835 | ||
| 003 | SK-KTurca | ||
| 005 | 20260429113751.0 | ||
| 008 | 950616s1992 xo a g 000 1dslo c | ||
| 020 |
_a8085327104 _c95.00 |
||
| 035 | _aUKB000021381 | ||
| 040 |
_aBAA001 _bslo _cBAA001 _eAACR2 |
||
| 041 | 1 |
_aslo _heng |
|
| 044 |
_axo _cSK |
||
| 080 | _a820(73)-312.6 Stone,I.=03 | ||
| 100 | 1 |
_aStone, Irving, _d1903-1989 |
|
| 240 | 1 | 0 |
_aImmortal wife. _lSlovensky |
| 245 | 1 | 0 |
_aNesmrteľná žena _bživotopisný román o Jessie Fremontovej-Bentonovej _cIrving Stone ; z angl. orig. prel. Adriena Bruothová-Kuzmányová |
| 260 |
_aBratislava _bEDIPOSS _c1992 |
||
| 300 | _a489 s. | ||
| 500 | _aFrontsp. | ||
| 600 | 1 | 7 |
_aFremont-Bénton, Jessie _2UKB |
| 653 | _a820(73)-312.6 Stone,I.=03 | ||
| 700 | 1 |
_aBruothová-Kuzmányová, Adriena _4trl |
|
| 942 |
_2ddc _cKLDO _n0 |
||
| 999 |
_c22835 _d22835 |
||